| 000 | 00604nam a2200157 a 4500 | ||
|---|---|---|---|
| 001 | 266 | ||
| 003 | CDMR | ||
| 005 | 20130319193052.0 | ||
| 008 | 130130s1993||||||||||||||||||||||||||||d | ||
| 040 |
_aCDMR _bcat _cCPC LLEIDA |
||
| 100 | 1 |
_aFite, Francesc _9176 |
|
| 245 | 1 | 0 |
_aArquitectura i repoblació en la Catalunya dels segles VIII-IX _b: els orígens i l'evolució de l'arquitectura militar en les àrees de frontera, amb una atenció preferent per la zona del Montsec, a la Catalunya de Ponent _cFrancesc Fité |
| 260 |
_aLleiad _c1993 _bUniversitat de Lleida |
||
| 490 | 0 |
_aEspai/Temps _v18 |
|
| 942 |
_cMON _2udc |
||
| 999 |
_c266 _d266 |
||